| 000 | 00454 a2200181 4500 | ||
|---|---|---|---|
| 005 | 20260313122410.0 | ||
| 008 | 260313b |||||||| |||| 00| 0 eng d | ||
| 020 |
_a9789371265928 _cRs. 375.00 |
||
| 040 | _aMAIN | ||
| 082 |
_a347.7 _bT199B |
||
| 100 | _aTaxmann | ||
| 245 | _aBanking regulation act 1949 with rules | ||
| 260 |
_bTaxmann Publications _c2025 _aNew Delhi |
||
| 300 | _av. | ||
| 650 | _aLaw | ||
| 650 | _aBanking Law | ||
| 942 | _cBK | ||
| 999 |
_c396343 _d396343 |
||